00275nam a2200109Ia 4500008004100000100001800041245004100059260002700100260000900127546001200136999001700148170619s9999 xx 000 0 und d aPal- Rajendra 0aEssentials of business communication bNew Delhi Sultan Chand c2004 aENGLISH c21963d21963